| 000 | 00414nam a2200181Ia 4500 | ||
|---|---|---|---|
| 001 | 1812 | ||
| 005 | 20260306143756.0 | ||
| 008 | 260306t2010||||xx |||||||||||||| ||spa|| | ||
| 041 | _aESP | ||
| 082 |
_a155.5 _bC78 |
||
| 100 |
_aConcuera, Paúl _eAUT |
||
| 245 | 0 | _aEstilos de vida de los adolescentes peruanos | |
| 260 | _c2010 | ||
| 300 |
_a _c |
||
| 650 | _aGEN | ||
| 654 | _aCPS | ||
| 942 |
_cLIB _dJUS _fJUS _2ddc _n |
||
| 999 |
_c1812 _d1812 |
||